00773nam a22002057a 4500999001900000005001700019010001300036020002600049035001300075037000900088082001200097100002000109245009800129260003100227270003600258300003200294500005000326942002600376952016500402 c180150d18015020210726171814.0 aB-740645 a9781847941879c699.00 aB-740645 bGift04a658.403 aWatkinson, Matt aThe grid:bthe decision-making tool for every business (including yours) /cby Matt Watkinson aLondonbRandom Housec2017 a20 Vauxhall Bridge RoadbLondon axx, 327p.:bill.c23cm(pbk) aincludes bibliographical references and index 2ddccENh658.403mWAT 001040708NFICaLbLd2021-07-26eGift/Eng/07-07-2021g699.00l19m11o658.403 WATpB-740645r2025-01-01 00:00:00s2024-12-10t1v699.00w2021-07-26yENzGift